| 000 | 00629nam a2200217Ia 4500 | ||
|---|---|---|---|
| 008 | 160803s9999 xx 000 0 und d | ||
| 020 | _a0 439250765 | ||
| 100 | _aGlaser, Linda | ||
| 245 | _aWonderful worms / | ||
| 245 | _cby Linda Glaser ; pictures by Loretta Krupinski. | ||
| 260 | _aNew York : | ||
| 260 | _bScholastic Inc. | ||
| 260 | _c1992 | ||
| 300 | _a28 unnumbered pages : | ||
| 300 | _bcolor illustrations ; | ||
| 300 | _c24 cm | ||
| 500 | _aOriginally published: Brookfield, Connecticut : Millbrook Press Inc., c1992. | ||
| 650 | _aEarthworms -- | ||
| 650 | _xJuvenile literature. | ||
| 700 | _a390 | ||
| 999 |
_c299328 _d299328 |
||